000 00572nam a2200205Ia 4500
001 17679
003 GE_BSU
008 181216s||||||||xx |||||||||||||| ||und||
040 _cGE_BSU
080 _a821.353.1
100 _aლორთქიფანიძე,ნიკო
245 _aთხზულებანი
245 _cრედ.:ალ.ჭეიშვილი
260 _aთბილისი
260 _bსახელგამი
260 _c1945
300 _a528გვ.;20სმ.
653 _aთხზულებანი
942 _cBK
999 _c50727
_d50727